00309nam a22000857a 4500082001700000100002800017245013400045260003400179300001000213 aTNC O35 Se69 aSchreiber, David Servan aThe instinct to heal :bcuring stress, anxiety , and depression without drugh and without talk therapycby David Servan Schreiber aNew DelhibBook factoryc2004 a294p.